हे सामाजिक : (Record no. 111400)

MARC details
000 -LEADER
fixed length control field 01147nam a22002537a 4500
005 - DATE AND TIME OF LATEST TRANSACTION
control field 20170124102923.0
010 ## - LIBRARY OF CONGRESS CONTROL NUMBER
LC control number B-005419
020 ## - INTERNATIONAL STANDARD BOOK NUMBER
Terms of availability 400.00
035 ## - SYSTEM CONTROL NUMBER
System control number B-005419
037 ## - SOURCE OF ACQUISITION
Source of stock number/acquisition Cen Lib/Ret
040 ## - CATALOGING SOURCE
Original cataloging agency DPL
Language of cataloging HN
082 ## - DEWEY DECIMAL CLASSIFICATION NUMBER
Classification number 792
Item number अवस्थी
100 ## - MAIN ENTRY--PERSONAL NAME
Personal name अवस्थी, सुरेश
9 (RLIN) 42611
245 ## - TITLE STATEMENT
Title हे सामाजिक :
Statement of responsibility, etc सुरेश अवस्थी
Remainder of title भारतीय रंग-परंपरा पर संवाद /
246 ## - VARYING FORM OF TITLE
Title proper/short title he samajik bhartiye rang-parampara par sanvad
Remainder of title by Suresh Awasthi
260 ## - PUBLICATION, DISTRIBUTION, ETC. (IMPRINT)
Place of publication, distribution, etc नई दिल्ली
Name of publisher, distributor, etc राष्ट्रीय नाट्य विद्यालय
Date of publication, distribution, etc 2000
270 ## - ADDRESS
Address बहावलपुर हाउस
City नई दिल्ली
Postal code 110002
300 ## - PHYSICAL DESCRIPTION
Extent xii,277पृ.
Dimensions 20सेमी (सजिल्द)
650 ## - SUBJECT ADDED ENTRY--TOPICAL TERM
Topical term or geographic name as entry element भारतीय परंपरा
9 (RLIN) 42612
650 ## - SUBJECT ADDED ENTRY--TOPICAL TERM
Topical term or geographic name as entry element नाट्य साहित्य का अध्धयन
9 (RLIN) 10161
650 ## - SUBJECT ADDED ENTRY--TOPICAL TERM
Topical term or geographic name as entry element Indian tradition
9 (RLIN) 42613
650 ## - SUBJECT ADDED ENTRY--TOPICAL TERM
Topical term or geographic name as entry element Theatrical studies of literature
9 (RLIN) 42614
942 ## - ADDED ENTRY ELEMENTS (KOHA)
Source of classification or shelving scheme Dewey Decimal Classification
Koha item type Hindi Books
Classification part 792
Call number suffix अवस्थी
Holdings
Withdrawn status Lost status Damaged status Not for loan Home library Current library Date acquired Source of acquisition Cost, normal purchase price Total Checkouts Full call number Barcode Date last seen Date checked out Copy number Cost, replacement price Price effective from Koha item type
        Central Library Central Library 01/08/2015 Cen Lib/Ret 400.00 1 792 अवस्थी B-005419 13/10/2018 28/09/2018 1 400.00 01/08/2015 Hindi Books

© Delhi Public Library
Hit Counter
free hit counter